|
|
|
|
| LEADER |
00000nab a2200000 a 4500 |
| 001 |
vtls000858204 |
| 003 |
SK-MaSNL |
| 005 |
20260304105929.0 |
| 008 |
250429c2003 xo 0 slo |
| 015 |
|
|
|a SNBRB2004/01-00707
|
| 035 |
|
|
|a CLN000209853
|
| 035 |
|
|
|a urn:nbn:sk:snk-ab1z57
|
| 035 |
|
|
|a (urnnbn)urn:nbn:sk:snk:ar-a01a63
|
| 035 |
|
|
|a (uuid)7071dd2c-80e2-4ed7-af18-4a14aa6ad146
|
| 040 |
|
|
|a SNKBUCL
|b slo
|c SNKBUCL
|e AACR2
|
| 041 |
0 |
|
|a slo
|
| 044 |
|
|
|a xo
|c SK
|
| 080 |
|
|
|a 623.455.6:061.5(73)
|2 UDC-MRF-SK2
|
| 100 |
1 |
|
|a Franzen, Ján
|4 aut
|9 1171738
|
| 245 |
1 |
0 |
|a Lovecké náboje Lazzeroni
|c Ján Franzen
|
| 300 |
|
|
|b Obr., tab.
|
| 610 |
2 |
7 |
|a Lazzeroni Arms (Tucson, Ariz.)
|2 snkbucl
|9 1407844
|
| 650 |
0 |
7 |
|a poľovnícke náboje
|2 snkbucl
|9 1233507
|
| 655 |
|
7 |
|a články z novín a časopisov
|2 snkbucl
|9 267496
|
| 773 |
0 |
|
|t Zbrane, strelci a lovci
|g Roč. 4, č. 7-8 (2003), s. 104-105
|x 1335-5740
|
| 850 |
|
|
|a Slovenská národná knižnica
|
| 852 |
|
|
|a Slovenská národná knižnica
|
| 958 |
|
|
|a article27
|
| 958 |
|
|
|a OND
|
| 958 |
|
|
|a EUIPO
|
| 999 |
|
|
|c 2857749
|d 2859679
|